000 00669nam a2200241 4500
001
003 DO-SdBNP
005 20220512083320.0
008 131129s1994 nyu j b eng
020 _a1566194849
040 _aBPMSU
_bspa
_cBPMSU
_e
082 _a819.3
_bM787a
_222
100 1 _aMontgomery, Lucy Moud
_d1874-1942.
245 1 0 _aAnne of green gables /
_cLucy M. Montgomery
260 _aNeu York :
_b Barnes & Noble Books,
_c1994
300 _a279 p.;
_c23 cm
_b
590 _6Inventariado, 2022/VM
650 4 _aNovela juvenil canadiense.
_xLibros de lectura.
_v
_2
700 1 _aD'Altan, Paolo
910 _aVMateo v.
942 _2ddc
_cBK
956 _a2
999 _c14201
_d14201